000 00386nam a2200145Ia 4500
999 _c12881
_d12881
003 MAJU-Karachi
005 20201222110905.0
008 190723s9999 xx 000 0 und d
040 _cDLC
100 _aAtique Zafar Sheikh
245 0 _aQuaid-e-Azam and the Muslim world selected documents 1937-1948
260 _aKarachi
_bRoyal Book
_c2013
300 _a254
942 _cBK
_2ddc